[Event "Mittelfrank Regionalliga Nord-Ost 2122"]
[Site "Mittelfranken"]
[Date "2022.05.08"]
[Round "8.6"]
[White "Hanisch, Friedrich"]
[Black "Strobel, Norbert"]
[Result "0-1"]
[WhiteElo "1975"]
[BlackElo "1973"]
[PlyCount "170"]
[EventDate "2021.10.24"]
[EventType "team-tourn"]
[EventRounds "9"]
[EventCountry "GER"]
[SourceTitle "EXT 2024"]
[Source "ChessBase"]
[SourceDate "2023.10.10"]
[SourceVersion "1"]
[SourceVersionDate "2023.10.10"]
[SourceQuality "1"]
[WhiteTeam "Altensittenbach"]
[BlackTeam "Fuerth SG"]
[WhiteTeamCountry "GER"]
[BlackTeamCountry "GER"]

1. d4 d5 2. c4 e6 3. Nc3 Nf6 4. Nf3 c6 5. e3 a6 6. Qc2 b5 7. b3 g6 8. Bd3 Bb7 9. 0-0 Nbd7 10. c5 Bg7 11. Bb2 0-0 12. b4 Qc7 13. a4 Ng4 14. h3 Nh6 15. e4 f5 16. e5 Nf7 17. Bc1 Rfb8 18. a5 Nf8 19. g4 Qe7 20. Ne2 Bh6 21. Bxh6 Nxh6 22. g5 Nf7 23. Qd2 h6 24. gxh6 g5 25. Kh2 Kh8 26. Rg1 Nh7 27. Rg2 Rg8 28. Kg1 Rg6 29. Ng3 Nxh6 30. Kf1 Rf8 31. Nh5 Nf7 32. Ng3 Bc8 33. Ke2 Rh6 34. Rh1 Rg8 35. Rgh2 Nf8 36. h4 g4 37. Ng5 Kg7 38. Nxf7 Qxf7 39. Qg5+ Rg6 40. Nh5+ Kh8 41. Qf4 Nh7 42. Qg3 Rh6 43. Nf4 Bd7 44. Rg1 Be8 45. Kd2 Nf8 46. Qe3 Qh7 47. Qg3 Bf7 48. Rgh1 Ng6 49. Nxg6+ Rhxg6 50. h5 Qh6+ 51. Kc2 Rg5 52. Qf4 R8g7 53. Rg2 Kg8 54. Kc3 Rh7 55. f3 Rxh5 56. Qxh6 R7xh6 57. Rhg1 Rh3 58. fxg4 f4 59. Kc2 Bg6 60. Bxg6 Rxg6 61. Rf2 f3 62. Rgf1 Rxg4 63. Rxf3 Rxf3 64. Rxf3 Rxd4 65. Rf6 Rxb4 66. Rxe6 Rc4+ 67. Kb3 Rxc5 68. Re8+ Kf7 69. Ra8 Ke6 70. Rxa6 Kxe5 71. Ra8 Rc1 72. a6 Ra1 73. a7 Kd4 74. Rc8 Rxa7 75. Rxc6 Rb7 76. Rc1 b4 77. Rd1+ Kc5 78. Rc1+ Kd6 79. Rd1 Rb6 80. Rd2 Ke5 81. Re2+ Kd4 82. Rd2+ Ke4 83. Rd1 d4 84. Kc4 Rc6+ 85. Kxb4 d3 0-1

[Event "GER-ch Seniors 65 31st"]
[Site "Radebeul"]
[Date "2019.05.03"]
[Round "8"]
[White "Schmidt, Bodo"]
[Black "Hanisch, Friedrich"]
[Result "1/2-1/2"]
[WhiteElo "2313"]
[BlackElo "2095"]
[PlyCount "196"]
[EventDate "2019.04.26"]
[EventType "swiss"]
[EventRounds "9"]
[EventCountry "GER"]
[SourceTitle "CBM 190 Extra"]
[Source "ChessBase"]
[SourceDate "2019.07.15"]
[SourceVersion "1"]
[SourceVersionDate "2019.07.15"]
[SourceQuality "1"]

1. d4 Nf6 2. Nf3 d5 3. c4 e6 4. Nc3 c6 5. e3 Bd6 6. Qc2 Nbd7 7. Be2 0-0 8. 0-0 dxc4 9. Bxc4 e5 10. Rd1 Qe7 11. e4 exd4 12. Nxd4 Ne5 13. Be2 Ng6 14. g3 Bh3 15. f3 Bc5 16. Be3 Nd5 17. Bf2 Nxc3 18. bxc3 Rae8 19. Re1 h5 20. Bf1 Bxf1 21. Kxf1 Bxd4 22. cxd4 Qd7 23. Qc5 Qh3+ 24. Kg1 Re6 25. Qf5 Qxf5 26. exf5 Rxe1+ 27. Rxe1 Nh8 28. Re7 Rb8 29. d5 cxd5 30. Bxa7 Rc8 31. a4 Rc1+ 32. Kg2 Ra1 33. Rxb7 Rxa4 34. Rd7 Ra5 35. Kh3 f6 36. Bb6 Rb5 37. Rd8+ Kh7 38. Bd4 Nf7 39. Rd7 Ng5+ 40. Kg2 Kg8 41. f4 Ne4 42. Kh3 Nd2 43. Kh4 Nf3+ 44. Kxh5 Nxd4 45. Kg6 Kf8 46. g4 Nf3 47. Rf7+ Ke8 48. Kxg7 d4 49. Rxf6 Rd5 50. Re6+ Kd7 51. Ra6 Nxh2 52. f6 Nxg4 53. f7 Rf5 54. f8Q Rxf8 55. Kxf8 d3 56. f5 d2 57. Ra1 Kd6 58. Rd1 Ke5 59. Rxd2 Kxf5 60. Ke7 Ke5 61. Ra2 Ne3 62. Ra5+ Kd4 63. Ke6 Nc4 64. Rd5+ Ke4 65. Rh5 Kd4 66. Rd5+ Kc3 67. Rd8 Ne3 68. Ke5 Nc4+ 69. Kd5 Ne3+ 70. Kc5 Nc2 71. Rd7 Ne3 72. Rd8 Nc2 73. Rh8 Kd3 74. Rh4 Ne3 75. Rd4+ Ke2 76. Rd8 Kf3 77. Kd4 Kf4 78. Rf8+ Nf5+ 79. Kd5 Kg5 80. Ke5 Ne7 81. Ke4 Ng6 82. Rf1 Ne7 83. Rf7 Ng6 84. Rf5+ Kh6 85. Ra5 Nh4 86. Kf4 Ng6+ 87. Kg4 Ne7 88. Ra7 Nd5 89. Kf5 Ne3+ 90. Kf4 Nd5+ 91. Ke5 Ne3 92. Ra4 Kg5 93. Ke4 Ng4 94. Ra5+ Kg6 95. Rf5 Nf6+ 96. Ke5 Ng4+ 97. Ke6 Ne3 98. Rf8 Kg5 1/2-1/2

[Event "Regionalliga Nord-Ost 1819"]
[Site "Bayern"]
[Date "2019.04.07"]
[Round "9.6"]
[White "Prochazka, Bedrich"]
[Black "Hanisch, Friedrich"]
[Result "0-1"]
[WhiteElo "1910"]
[BlackElo "2037"]
[PlyCount "134"]
[EventDate "2018.10.21"]
[EventType "team-tourn"]
[EventRounds "9"]
[EventCountry "GER"]
[SourceTitle "EXT 2022"]
[Source "ChessBase"]
[SourceDate "2021.10.06"]
[SourceVersion "1"]
[SourceVersionDate "2021.10.06"]
[SourceQuality "1"]
[WhiteTeam "Windischeschenbach"]
[BlackTeam "Altensittenbach"]
[WhiteTeamCountry "GER"]
[BlackTeamCountry "GER"]

1. e4 e6 2. d4 d5 3. exd5 exd5 4. Bd3 Nc6 5. c3 Bd6 6. Nf3 Bg4 7. 0-0 Nge7 8. Bg5 f6 9. Bh4 Qd7 10. Bg3 Bxg3 11. fxg3 0-0 12. Qc2 Bf5 13. Nbd2 Bxd3 14. Qxd3 Rae8 15. Rae1 Nc8 16. Rxe8 Rxe8 17. Re1 Rxe1+ 18. Nxe1 Qe6 19. Nc2 Nd6 20. Ne3 b5 21. b3 a6 22. g4 Ne7 23. g3 g6 24. h3 c6 25. Kh2 Ne4 26. Nxe4 Qxe4 27. Qd2 Kg7 28. Ng2 f5 29. g5 Nc8 30. Nf4 Nd6 31. Nd3 Qe7 32. h4 Ne4 33. Qc1 Qc7 34. Nf4 Qd6 35. c4 Kf7 36. cxd5 c5 37. dxc5 Qxc5 38. Qxc5 Nxc5 39. Kg2 Ke7 40. Kf3 Kd6 41. g4 fxg4+ 42. Kxg4 Nd7 43. Kf3 Ke5 44. Ke3 Nb6 45. Nd3+ Kd6 46. Nf4 Nxd5+ 47. Nxd5 Kxd5 48. a3 a5 49. Kd3 Kc5 50. Kc3 b4+ 51. axb4+ axb4+ 52. Kd3 Kd5 53. Ke3 Ke5 54. Kd3 Kf4 55. Kc4 Kg4 56. Kxb4 Kxh4 57. Kc5 Kxg5 58. b4 h5 59. Kd4 Kf6 60. b5 Ke6 61. Kc5 Kd7 62. Kb6 h4 63. Ka7 h3 64. b6 h2 65. b7 h1Q 66. b8Q Qa1+ 67. Kb7 Qb1+ 0-1

[Event "Mittelfranken-chTB1 1617"]
[Site "Mittelfranken"]
[Date "2017.03.26"]
[Round "8.1"]
[White "Grimm, Pascal"]
[Black "Hanisch, Friedrich"]
[Result "1-0"]
[WhiteElo "1994"]
[BlackElo "1954"]
[PlyCount "77"]
[EventDate "2016.10.23"]
[EventType "team-tourn"]
[EventRounds "9"]
[EventCountry "GER"]
[SourceTitle "EXT 2022"]
[Source "ChessBase"]
[SourceDate "2021.10.06"]
[SourceVersion "1"]
[SourceVersionDate "2021.10.06"]
[SourceQuality "1"]
[WhiteTeam "Postbauer Heng"]
[BlackTeam "Lauf SV"]
[WhiteTeamCountry "GER"]
[BlackTeamCountry "GER"]

1. d4 d5 2. c4 c6 3. Nc3 Nf6 4. Nf3 g6 5. cxd5 cxd5 6. Bf4 Nc6 7. e3 Nh5 8. Bg5 h6 9. Bh4 g5 10. Ne5 Nxe5 11. dxe5 Ng7 12. Bg3 e6 13. e4 Bd7 14. Qb3 d4 15. 0-0-0 Bc5 16. Nb5 0-0 17. Nxd4 Qa5 18. Bb5 Bxd4 19. Bxd7 Qc7+ 20. Kb1 Qxd7 21. Rd3 Rfd8 22. Rhd1 Qc6 23. Rxd4 Rxd4 24. Rxd4 Rc8 25. a3 b5 26. Qd3 Rc7 27. Ka2 a5 28. h4 b4 29. hxg5 hxg5 30. f4 bxa3 31. Qxa3 g4 32. f5 Qc5 33. Qd3 Rb7 34. f6 Qb6 35. Qd2 Qb3+ 36. Ka1 Qxg3 37. Rd8+ Kh7 38. Rh8+ Kxh8 39. Qh6+ 1-0

[Event "Wch Seniors 65 26th"]
[Site "Marianske Lazne"]
[Date "2016.11.30"]
[Round "11"]
[White "Marcovici, Adrian"]
[Black "Hanisch, Friedrich"]
[Result "1/2-1/2"]
[WhiteElo "1906"]
[BlackElo "2160"]
[PlyCount "55"]
[EventDate "2016.11.19"]
[EventType "swiss"]
[EventRounds "11"]
[EventCountry "CZE"]
[SourceTitle "EXT 2023"]
[Source "ChessBase"]
[SourceDate "2022.10.05"]
[SourceVersion "1"]
[SourceVersionDate "2022.10.05"]
[SourceQuality "1"]

1. e4 e6 2. d4 d5 3. Nd2 Nf6 4. e5 Nfd7 5. f4 c5 6. c3 Nc6 7. Ndf3 cxd4 8. cxd4 a5 9. Bd3 a4 10. Ne2 Nb6 11. 0-0 Bd7 12. Bd2 Nb4 13. Bxb4 Bxb4 14. a3 Be7 15. Nc3 Nc4 16. Bxc4 dxc4 17. Qe2 b5 18. Rad1 Qb6 19. Kh1 Bc6 20. d5 Bxd5 21. Nxd5 exd5 22. Rxd5 0-0 23. Rfd1 Rad8 24. h3 Qh6 25. f5 Rxd5 26. Rxd5 Rd8 27. Qe4 Re8 28. Rd7 1/2-1/2